[Event "Poznan op 27th"]
[Site "Poznan"]
[Date "2019.08.24"]
[Round "8"]
[White "Schmidt, Wlodzimierz"]
[Black "Banach, Szymon"]
[Result "1/2-1/2"]
[WhiteElo "2247"]
[BlackElo "1973"]
[PlyCount "35"]
[EventDate "2019.08.18"]
[EventType "swiss"]
[EventRounds "9"]
[EventCountry "POL"]
[SourceTitle "EXT 2020"]
[Source "ChessBase"]
[SourceDate "2019.10.17"]
[SourceVersion "1"]
[SourceVersionDate "2019.10.17"]
[SourceQuality "1"]

1. d4 Nf6 2. c4 g6 3. Nc3 Bg7 4. e4 d6 5. Be2 0-0 6. Be3 e5 7. d5 Nbd7 8. g4 Nc5 9. f3 a5 10. h4 h5 11. g5 Nfd7 12. Qd2 Nb6 13. Nh3 Qe7 14. 0-0-0 Bd7 15. Kb1 Rfd8 16. Nf2 Be8 17. b3 Nbd7 18. Rc1 1/2-1/2

[Event "Poznan op 27th"]
[Site "Poznan"]
[Date "2019.08.19"]
[Round "3"]
[White "Banach, Szymon"]
[Black "Sklepinski, Artur"]
[Result "1-0"]
[WhiteElo "1973"]
[BlackElo "1759"]
[PlyCount "63"]
[EventDate "2019.08.18"]
[EventType "swiss"]
[EventRounds "9"]
[EventCountry "POL"]
[SourceTitle "EXT 2020"]
[Source "ChessBase"]
[SourceDate "2019.10.17"]
[SourceVersion "1"]
[SourceVersionDate "2019.10.17"]
[SourceQuality "1"]

1. d4 Nf6 2. Bg5 Ne4 3. h4 h6 4. Bf4 d5 5. Nd2 Nxd2 6. Qxd2 e6 7. 0-0-0 Bd6 8. Nf3 Bxf4 9. Qxf4 Nc6 10. e3 Qd6 11. Qg4 Rg8 12. e4 dxe4 13. Qxe4 Qd5 14. Qh7 Ne7 15. Ne5 Bd7 16. c4 Qa5 17. Rh3 0-0-0 18. Ra3 Ba4 19. Qe4 Qb4 20. Rdd3 Nf5 21. Rac3 Nxd4 22. Nxf7 Bc6 23. Qe5 Qa4 24. Nxd8 Qxa2 25. Qxd4 Qa1+ 26. Kd2 Qxb2+ 27. Ke1 e5 28. Qg4+ Kb8 29. Nxc6+ Ka8 30. Rb3 Qc1+ 31. Qd1 Qf4 32. Rd8+ 1-0

[Event "POL-chT 1st League"]
[Site "Poronin"]
[Date "2017.09.09"]
[Round "8.4"]
[White "Praszak, Michal"]
[Black "Banach, Szymon"]
[Result "1-0"]
[WhiteElo "2150"]
[BlackElo "2013"]
[PlyCount "109"]
[EventDate "2017.09.02"]
[EventType "team-tourn"]
[EventRounds "9"]
[EventCountry "POL"]
[SourceTitle "CBM 180 Extra"]
[Source "ChessBase"]
[SourceDate "2017.10.06"]
[SourceVersion "1"]
[SourceVersionDate "2017.10.06"]
[SourceQuality "1"]
[WhiteTeam "Lublin Drakon"]
[BlackTeam "Chrobry Gniezno"]
[WhiteTeamCountry "POL"]
[BlackTeamCountry "POL"]

1. d4 Nf6 2. c4 g6 3. Nc3 Bg7 4. e4 d6 5. h3 0-0 6. Bg5 Qe8 7. Be2 e5 8. d5 Na6 9. g4 Nc5 10. f3 a5 11. Qd2 c6 12. h4 cxd5 13. cxd5 Bd7 14. h5 b5 15. Nh3 b4 16. Nd1 Bb5 17. Nhf2 Bxe2 18. Qxe2 Nfd7 19. Ne3 h6 20. Bh4 g5 21. Bg3 Nb6 22. 0-0 Qd7 23. Rfc1 Rfc8 24. Nfd1 Rc7 25. Bf2 Qc8 26. Nf5 Bf8 27. Be3 Nbd7 28. Nf2 Qb7 29. Rc4 Rac8 30. Rac1 Qb5 31. Qd1 Nb6 32. R4c2 Nba4 33. Qf1 Qb7 34. b3 Nc3 35. Nd1 Nb5 36. Nb2 Nd4 37. Bxd4 exd4 38. Nc4 d3 39. Rd2 Qa6 40. Rdd1 a4 41. Nd2 axb3 42. axb3 Qa2 43. Rb1 Nd7 44. Nc4 Rxc4 45. bxc4 Rxc4 46. Rxd3 Ne5 47. Rdb3 Qd2 48. Qf2 Qf4 49. Qe3 Nxf3+ 50. Qxf3 Qe5 51. Re3 Rc2 52. Qg3 Qf6 53. Rf1 Qd8 54. Qf3 Qb6 55. Nxh6+ 1-0

[Event "Poznan op 25th"]
[Site "Poznan"]
[Date "2017.08.25"]
[Round "7"]
[White "Banach, Szymon"]
[Black "Chaczynski, Kamil"]
[Result "0-1"]
[WhiteElo "2040"]
[BlackElo "1495"]
[PlyCount "70"]
[EventDate "2017.08.20"]
[EventType "swiss"]
[EventRounds "9"]
[EventCountry "POL"]
[SourceTitle "CBM 180 Extra"]
[Source "ChessBase"]
[SourceDate "2017.10.06"]
[SourceVersion "1"]
[SourceVersionDate "2017.10.06"]
[SourceQuality "1"]

1. e4 e6 2. d4 d5 3. e5 c5 4. c3 Nc6 5. Nf3 Qb6 6. Bd3 cxd4 7. cxd4 Bd7 8. 0-0 Rc8 9. Nc3 Nxd4 10. Nxd4 Qxd4 11. Nb5 Qxe5 12. Re1 Qb8 13. Qf3 Bd6 14. Qxd5 Bxh2+ 15. Kh1 Nf6 16. Qd4 a6 17. Na7 Rxc1 18. Raxc1 Bf4 19. Rc4 Bd6 20. b4 0-0 21. b5 axb5 22. Rc2 e5 23. Qe3 Nd5 24. Bxh7+ Kh8 25. Qd3 Nf4 26. Qb3 Qxa7 27. Be4 f5 28. Bd5 Rf6 29. Rec1 Nxd5 30. Qxd5 Bc6 31. Qd1 Qa4 32. Kg1 Rh6 33. Rc3 Qe4 34. Rg3 f4 35. f3 Qe3+ 0-1

[Event "Poznan op 24th"]
[Site "Poznan"]
[Date "2016.08.09"]
[Round "2"]
[White "Banach, Szymon"]
[Black "Purczynski, Andrzej"]
[Result "1-0"]
[WhiteElo "2015"]
[BlackElo "1232"]
[PlyCount "31"]
[EventDate "2016.08.08"]
[EventType "swiss"]
[EventRounds "9"]
[EventCountry "POL"]
[SourceTitle "CBM 173 Extra"]
[Source "ChessBase"]
[SourceDate "2016.08.29"]
[SourceVersion "1"]
[SourceVersionDate "2016.08.29"]
[SourceQuality "1"]

1. e4 a6 2. Bc4 b5 3. Bxf7+ Kxf7 4. Qh5+ g6 5. Qd5+ e6 6. Qxa8 Nc6 7. Nf3 d5 8. Qxc6 Ne7 9. Qc3 Bg7 10. e5 Bb7 11. d4 Qb8 12. Ng5+ Ke8 13. Nxe6 Nf5 14. g4 Kf7 15. gxf5 gxf5 16. Nxg7 1-0

[Event "POL-chT3 Wielkopolskie 1516"]
[Site "Poland"]
[Date "2016.02.07"]
[Round "4.13"]
[White "Banach, Szymon"]
[Black "Witwicki, Pawel"]
[Result "1-0"]
[WhiteElo "1987"]
[BlackElo "1860"]
[PlyCount "61"]
[EventDate "2016.01.10"]
[EventType "team-tourn"]
[EventRounds "11"]
[EventCountry "POL"]
[SourceTitle "EXT 2019"]
[Source "ChessBase"]
[SourceDate "2018.10.10"]
[SourceVersion "1"]
[SourceVersionDate "2018.10.10"]
[SourceQuality "1"]

1. e4 Nf6 2. Nc3 d5 3. e5 Nfd7 4. d4 e6 5. Nf3 c5 6. dxc5 Bxc5 7. Bd3 Nc6 8. Qe2 a6 9. 0-0 b5 10. Bg5 Qc7 11. Rae1 Nb6 12. a3 Bb7 13. Kh1 b4 14. Nb1 bxa3 15. bxa3 Na5 16. Nfd2 Qc6 17. Nb3 Nac4 18. Nxc5 Qxc5 19. f4 d4 20. f5 Bd5 21. c3 Ne3 22. cxd4 Bxg2+ 23. Qxg2 Nxg2 24. dxc5 Nxe1 25. Be4 Nd5 26. Rxe1 0-0 27. Bxd5 exd5 28. Be7 Rfe8 29. Bd6 f6 30. e6 g6 31. Nc3 1-0

[Event "POL-chT U26 rapid"]
[Site "Hucisko"]
[Date "2016.01.17"]
[Round "9.5"]
[White "Mazurkiewicz, Michal"]
[Black "Banach, Szymon"]
[Result "1-0"]
[WhiteElo "2215"]
[BlackElo "1987"]
[PlyCount "51"]
[EventDate "2016.01.16"]
[EventType "team-swiss (rapid)"]
[EventRounds "9"]
[EventCountry "POL"]
[SourceTitle "CBM 170 Extra"]
[Source "ChessBase"]
[SourceDate "2016.02.25"]
[SourceVersion "1"]
[SourceVersionDate "2016.02.25"]
[SourceQuality "1"]
[WhiteTeam "Poznan UE"]
[BlackTeam "Poznan PP"]
[WhiteTeamCountry "POL"]
[BlackTeamCountry "POL"]

1. e4 c5 2. d3 g6 3. g3 Bg7 4. Bg2 Nc6 5. c3 Nf6 6. Nf3 d6 7. 0-0 0-0 8. Nbd2 h6 9. Rb1 Ng4 10. Qe2 Qa5 11. a3 Qa6 12. b4 cxb4 13. axb4 Nce5 14. b5 Qa4 15. Nd4 Nf6 16. N2b3 Nc6 17. bxc6 Qa6 18. cxb7 Bxb7 19. Be3 Bc8 20. Ra1 Qb7 21. e5 Nd5 22. Na5 Nxc3 23. Qc2 Qb4 24. Bxa8 dxe5 25. Ndc6 Qg4 26. Qxc3 1-0

[Event "POL-chT3 Wielkopolskie 1516"]
[Site "Poland"]
[Date "2016.01.10"]
[Round "1.25"]
[White "Kozlowski, Tomasz"]
[Black "Banach, Szymon"]
[Result "1-0"]
[WhiteElo "1907"]
[BlackElo "1987"]
[PlyCount "91"]
[EventDate "2016.01.10"]
[EventType "team-tourn"]
[EventRounds "11"]
[EventCountry "POL"]
[SourceTitle "EXT 2019"]
[Source "ChessBase"]
[SourceDate "2018.10.10"]
[SourceVersion "1"]
[SourceVersionDate "2018.10.10"]
[SourceQuality "1"]

1. e4 c5 2. c3 e6 3. d4 d5 4. e5 Nc6 5. Nf3 Qb6 6. a3 Nh6 7. b4 cxd4 8. cxd4 Nf5 9. Bb2 Bd7 10. g4 Nfe7 11. Nc3 Na5 12. Qc2 Nc4 13. Bxc4 dxc4 14. Nd2 Rc8 15. Nce4 Nd5 16. Nxc4 Nxb4 17. Qb3 Rxc4 18. Qxc4 Qc6 19. Qxc6 Bxc6 20. axb4 Bxe4 21. 0-0 Bxb4 22. Rxa7 Kd7 23. Rc1 Rc8 24. Rxc8 Kxc8 25. Ba3 Bc3 26. Bc5 Kc7 27. Ra3 Bd2 28. Ra2 Bf4 29. Rb2 Bc6 30. Bb6+ Kd7 31. Rc2 f6 32. Rc5 Ke7 33. h4 Kf7 34. h5 fxe5 35. Bc7 Bg5 36. Bxe5 Bf6 37. f4 Bxe5 38. dxe5 g6 39. hxg6+ Kxg6 40. Kf2 h5 41. gxh5+ Kxh5 42. Rc1 Kg6 43. Ke3 Kf7 44. Rd1 Bd5 45. Kd4 Bc6 46. Kc3 1-0

[Event "Suwalki op"]
[Site "Suwalki"]
[Date "2015.07.02"]
[Round "6"]
[White "Banach, Szymon"]
[Black "Zurawski, Kamil"]
[Result "1-0"]
[WhiteElo "1995"]
[BlackElo "1689"]
[PlyCount "69"]
[EventDate "2015.06.29"]
[EventType "swiss"]
[EventRounds "9"]
[EventCountry "POL"]
[SourceTitle "EXT 2017"]
[Source "ChessBase"]
[SourceDate "2016.10.25"]
[SourceVersion "1"]
[SourceVersionDate "2016.10.25"]
[SourceQuality "1"]

1. e4 c5 2. Nc3 e6 3. f4 Nc6 4. Bb5 Nd4 5. Bc4 Ne7 6. Nb5 Nxb5 7. Bxb5 a6 8. Be2 Nc6 9. c3 d5 10. e5 Be7 11. Nf3 f6 12. 0-0 0-0 13. Kh1 d4 14. Qc2 b5 15. exf6 Bxf6 16. Bd3 g6 17. Be4 Bb7 18. Re1 Qd7 19. a3 Rae8 20. d3 Nd8 21. Bd2 Bxe4 22. Rxe4 Nc6 23. Rae1 e5 24. cxd4 Nxd4 25. Nxd4 cxd4 26. Bb4 Rf7 27. Qe2 Qd5 28. h3 Bh4 29. Rc1 Bg3 30. Qf3 Bxf4 31. Rxf4 e4 32. dxe4 Rxf4 33. exd5 Rxf3 34. gxf3 Re3 35. d6 1-0

[Event "POL-chT3 Wielkopolskie 1415"]
[Site "Poland"]
[Date "2015.02.01"]
[Round "7.33"]
[White "Wojtkowski, Pawel"]
[Black "Banach, Szymon"]
[Result "1/2-1/2"]
[WhiteElo "1906"]
[BlackElo "2017"]
[PlyCount "159"]
[EventDate "2014.11.30"]
[EventType "team-tourn"]
[EventRounds "11"]
[EventCountry "POL"]
[SourceTitle "EXT 2019"]
[Source "ChessBase"]
[SourceDate "2018.10.10"]
[SourceVersion "1"]
[SourceVersionDate "2018.10.10"]
[SourceQuality "1"]

1. d4 Nf6 2. Nf3 g6 3. c4 Bg7 4. g3 0-0 5. Bg2 d6 6. 0-0 Nbd7 7. Nc3 e5 8. h3 c6 9. e4 Qc7 10. Be3 exd4 11. Nxd4 Nc5 12. b4 Ne6 13. Nb3 Ng4 14. Bd2 Ne5 15. Qe2 Qb6 16. c5 Qxb4 17. Nd5 Qc4 18. Ne7+ Kh8 19. Qe3 dxc5 20. f4 Nd7 21. Rac1 Qd4 22. e5 Qxe3+ 23. Bxe3 Re8 24. Nxc8 Raxc8 25. Nxc5 Ndxc5 26. Bxc5 Nxc5 27. Rxc5 Red8 28. Rb1 Rc7 29. a4 Bf8 30. Rc2 a5 31. Kh2 Bb4 32. Rf1 Rcd7 33. f5 Kg7 34. e6 fxe6 35. fxe6 Re7 36. Rcf2 Rxe6 37. Rf7+ Kh6 38. Rxb7 Re2 39. h4 Rdd2 40. Rff7 Rxg2+ 41. Kh3 Rh2+ 42. Kg4 Rd4+ 43. Kf3 Rdxh4 44. Rxh7+ Kg5 45. gxh4+ Rxh4 46. Rxh4 Kxh4 47. Rxb4+ axb4 48. Ke2 b3 49. Kd2 b2 50. Kc2 b1Q+ 51. Kxb1 g5 52. a5 g4 53. a6 g3 54. a7 g2 55. a8Q g1Q+ 56. Kc2 Qc5+ 57. Kd3 Qd5+ 58. Kc3 Kg5 59. Qf8 c5 60. Qf2 Kg6 61. Qf4 Qc6 62. Qf8 Qb5 63. Qf4 Qa5+ 64. Kc2 Qa2+ 65. Kd3 Qa3+ 66. Kc2 Kg7 67. Qe5+ Kf7 68. Qe4 Kf6 69. Qc6+ Ke5 70. Qc7+ Kd4 71. Qd7+ Ke4 72. Qe6+ Kd4 73. Qg4+ Kd5 74. Qd7+ Kc4 75. Qg4+ Kb5 76. Qd7+ Kb6 77. Qd6+ Ka5 78. Qc7+ Kb4 79. Qb6+ Kc4 80. Qe6+ 1/2-1/2

[Event "POL-chT3 Wielkopolskie 1415"]
[Site "Poland"]
[Date "2015.01.18"]
[Round "4.15"]
[White "Banach, Szymon"]
[Black "Michalski, Karol"]
[Result "1-0"]
[WhiteElo "2017"]
[BlackElo "2073"]
[PlyCount "103"]
[EventDate "2014.11.30"]
[EventType "team-tourn"]
[EventRounds "11"]
[EventCountry "POL"]
[SourceTitle "EXT 2019"]
[Source "ChessBase"]
[SourceDate "2018.10.10"]
[SourceVersion "1"]
[SourceVersionDate "2018.10.10"]
[SourceQuality "1"]

1. e4 c5 2. Nc3 Nc6 3. Bb5 e6 4. Bxc6 bxc6 5. f4 d5 6. e5 Ne7 7. d3 h5 8. Nge2 Nf5 9. 0-0 g6 10. b3 Ba6 11. Qd2 Qc7 12. Na4 c4 13. d4 cxb3 14. cxb3 Bxe2 15. Qxe2 Nxd4 16. Qf2 Nf5 17. Bb2 Rg8 18. Rac1 g5 19. fxg5 Rxg5 20. Rc2 Rg4 21. Rfc1 Bh6 22. Re1 Rc8 23. Bc1 Bf8 24. Bf4 Ba3 25. h3 Rg6 26. Bc1 Be7 27. Ree2 Bh4 28. Qc5 Be7 29. Qf2 Ng3 30. Re1 Bh4 31. Qf4 Nf5 32. Ree2 Bg3 33. Qb4 Bxe5 34. Ba3 Bh2+ 35. Kf2 Bd6 36. Nc5 Qb6 37. Qc3 d4 38. Qd3 Kd8 39. Kg1 Rg3 40. Qd2 d3 41. Bb4 dxc2 42. Ba5 c1Q+ 43. Qxc1 Bxc5+ 44. Qxc5 Kc7 45. Bxb6+ axb6 46. Qe5+ Kb7 47. Rd2 Rc7 48. b4 Re3 49. Qh8 h4 50. Rd8 c5 51. b5 Nd6 52. Rb8+ 1-0

[Event "POL-chT U19 2nd League"]
[Site "Szczyrk"]
[Date "2014.07.28"]
[Round "5.37"]
[White "Zylka, Stanislaw"]
[Black "Banach, Szymon"]
[Result "0-1"]
[WhiteElo "1931"]
[BlackElo "1891"]
[PlyCount "72"]
[EventDate "2014.07.25"]
[EventType "team-swiss"]
[EventRounds "11"]
[EventCountry "POL"]
[SourceTitle "EXT 2015"]
[Source "ChessBase"]
[SourceDate "2014.11.20"]
[SourceVersion "1"]
[SourceVersionDate "2014.11.20"]
[SourceQuality "1"]
[WhiteTeam "Podlesie UKS 21 U19"]
[BlackTeam "Gniezno LKS Chrobry U19"]
[WhiteTeamCountry "POL"]
[BlackTeamCountry "POL"]

1. e4 e6 2. d4 d5 3. Nd2 c5 4. Ngf3 Nc6 5. exd5 exd5 6. dxc5 Bxc5 7. Nb3 Bb6 8. Bg5 Nf6 9. Be2 Bxf2+ 10. Kf1 Bb6 11. c4 dxc4 12. Qxd8+ Bxd8 13. Bxc4 0-0 14. Re1 Na5 15. Nxa5 Bxa5 16. Re5 Bc7 17. Bxf6 gxf6 18. Re2 Bb6 19. Ke1 Bf5 20. Rf1 Rac8 21. Nd2 Bd3 22. Rf4 Bxe2 23. Kxe2 Rfe8+ 24. Kf3 Be3 25. Rg4+ Kf8 26. Nf1 f5 27. Rh4 Bg5 28. Rd4 Re4 29. Rxe4 fxe4+ 30. Kg4 Rxc4 31. Kxg5 Rc2 32. Ne3 Rxb2 33. Kf4 Rxa2 34. Kxe4 Re2 35. Kd3 Rxe3+ 36. Kxe3 a5 0-1

[Event "POL-chT3 Wielkopolskie 1314"]
[Site "Poland"]
[Date "2014.02.16"]
[Round "6.29"]
[White "Leskiewicz, Ignacy"]
[Black "Banach, Szymon"]
[Result "1/2-1/2"]
[WhiteElo "1624"]
[BlackElo "1839"]
[PlyCount "176"]
[EventDate "2013.10.27"]
[EventType "team-tourn"]
[EventRounds "11"]
[EventCountry "POL"]
[SourceTitle "EXT 2015"]
[Source "ChessBase"]
[SourceDate "2014.11.20"]
[SourceVersion "1"]
[SourceVersionDate "2014.11.20"]
[SourceQuality "1"]
[WhiteTeam "Konin UKS Smecz"]
[BlackTeam "Gniezno LKS Chrobry II"]
[WhiteTeamCountry "POL"]
[BlackTeamCountry "POL"]

1. e4 d6 2. d4 Nf6 3. Nc3 g6 4. Be3 Bg7 5. Nf3 0-0 6. Be2 c6 7. 0-0 b5 8. a3 Bb7 9. Nd2 Nbd7 10. Nb3 a5 11. f3 Nb6 12. Qe1 Qc7 13. Qf2 Nfd7 14. g4 Rfc8 15. h4 b4 16. axb4 axb4 17. Rxa8 Rxa8 18. Nd1 Na4 19. h5 c5 20. hxg6 hxg6 21. c3 bxc3 22. bxc3 cxd4 23. cxd4 Qc2 24. Nc1 Qc6 25. Kg2 Nc3 26. Nxc3 Qxc3 27. Nd3 Ra2 28. Rc1 Qa5 29. Re1 Ba6 30. Nc1 Rc2 31. Nb3 Qxe1 32. Qxe1 Rxe2+ 33. Qxe2 Bxe2 34. Kf2 Bb5 35. Ke1 Nb6 36. d5 Bc3+ 37. Bd2 Bxd2+ 38. Nxd2 Nc4 39. Nb3 Ne5 40. Nd4 Ba4 41. Kd2 Kg7 42. g5 Bd7 43. Ke3 f6 44. f4 Ng4+ 45. Kf3 fxg5 46. fxg5 Ne5+ 47. Kf4 Kf7 48. Nc2 Ke8 49. Ne3 Kd8 50. Nc2 Kc7 51. Nd4 Kb6 52. Ne2 Kc5 53. Ke3 Nf7 54. Nf4 Ne5 55. Ne2 Kc4 56. Ng3 Bc8 57. Nf1 Nf7 58. Nd2+ Kc3 59. Nf3 Bg4 60. Nh4 Bh5 61. Kf4 Kd4 62. Ng2 Bf3 63. Kxf3 Nxg5+ 64. Kf4 Nxe4 65. Ne3 Nf6 66. Nc2+ Kxd5 67. Kg5 Nd7 68. Kxg6 Ne5+ 69. Kf5 e6+ 70. Kf6 Nd7+ 71. Ke7 Nc5 72. Nb4+ Kc4 73. Nc6 d5 74. Ne5+ Kb5 75. Kd6 d4 76. Ke7 Ka5 77. Kd6 Kb4 78. Nc6+ Kc4 79. Ne5+ Kb5 80. Ke7 Kb6 81. Kd6 Nb7+ 82. Kxe6 Kc5 83. Kf5 Nd6+ 84. Kf4 Kd5 85. Nf3 d3 86. Ke3 Kc4 87. Ne5+ Kc3 88. Nxd3 Nf5+ 1/2-1/2

[Event "POL-chT 3rd League Wielkopolska 12/13"]
[Site "Poznan"]
[Date "2013.01.06"]
[Round "5.20"]
[White "Banach, Szymon"]
[Black "Piechota, Pawel"]
[Result "1-0"]
[WhiteElo "1809"]
[BlackElo "2070"]
[PlyCount "77"]
[EventDate "2012.11.25"]
[EventType "team-tourn"]
[EventRounds "11"]
[EventCountry "POL"]
[SourceTitle "EXT 2014"]
[Source "ChessBase"]
[SourceDate "2013.11.20"]
[SourceVersion "1"]
[SourceVersionDate "2013.11.20"]
[SourceQuality "1"]
[WhiteTeam "Gniezno LKS Chrobry II"]
[BlackTeam "Szamotuly Baszta"]
[WhiteTeamCountry "POL"]
[BlackTeamCountry "POL"]

1. e4 c6 2. d4 d6 3. Be3 e5 4. f3 Be7 5. Nc3 Qb6 6. Na4 Qa5+ 7. Nc3 Nf6 8. Qd2 b5 9. d5 b4 10. Nd1 cxd5 11. Nf2 h6 12. exd5 Nxd5 13. Bc4 Nxe3 14. Qxe3 Nd7 15. Ne2 Bb7 16. 0-0 0-0 17. Ng3 d5 18. Bd3 Bg5 19. Qe2 Qb6 20. Kh1 Rae8 21. Nh3 Bf6 22. Rad1 Nc5 23. Nh5 Bh4 24. f4 Nxd3 25. cxd3 Qe6 26. f5 Qc6 27. Nxg7 Bf6 28. Nxe8 Rxe8 29. Qh5 d4 30. Rf3 Kf8 31. Qxh6+ Ke7 32. Rc1 Qd6 33. Rg3 Rh8 34. Qd2 Kd8 35. Ng5 Qd7 36. Qxb4 Bxg5 37. Rxg5 f6 38. Rg3 Qd5 39. Rg7 1-0

[Event "POL-chT 3rd League Wielkopolska 12/13"]
[Site "Poznan"]
[Date "2013.01.06"]
[Round "4.20"]
[White "Zakrzewski, Marek"]
[Black "Banach, Szymon"]
[Result "1-0"]
[WhiteElo "2102"]
[BlackElo "1809"]
[PlyCount "110"]
[EventDate "2012.11.25"]
[EventType "team-tourn"]
[EventRounds "11"]
[EventCountry "POL"]
[SourceTitle "EXT 2014"]
[Source "ChessBase"]
[SourceDate "2013.11.20"]
[SourceVersion "1"]
[SourceVersionDate "2013.11.20"]
[SourceQuality "1"]
[WhiteTeam "Trzcianka MKS przy MDK"]
[BlackTeam "Gniezno LKS Chrobry II"]
[WhiteTeamCountry "POL"]
[BlackTeamCountry "POL"]

1. e4 c5 2. Nf3 d6 3. d4 cxd4 4. Nxd4 Nf6 5. Nc3 g6 6. Be3 Bg7 7. Be2 0-0 8. 0-0 Nc6 9. Nb3 a6 10. f4 e6 11. Bf3 Qc7 12. a4 Ne7 13. a5 d5 14. Bb6 Qxf4 15. exd5 exd5 16. Bxd5 Qg5 17. Bf3 Bg4 18. Bxg4 Nxg4 19. Qf3 Be5 20. g3 Qh5 21. Qg2 Nf5 22. Rae1 Bxc3 23. bxc3 Rfe8 24. Qd2 Ne5 25. Kg2 Ng4 26. h3 Ne5 27. Qf4 Nd6 28. Bc7 Nec4 29. Bxd6 Qd5+ 30. Qf3 Qxf3+ 31. Kxf3 Nxd6 32. Rxe8+ Rxe8 33. Rd1 Nc4 34. Kf4 Re7 35. Rd4 Ne3 36. Re4 Ng2+ 37. Kf3 Ne1+ 38. Kf4 Ng2+ 39. Kf3 Ne1+ 40. Kf4 Rxe4+ 41. Kxe4 Nxc2 42. Kd5 Na3 43. Nc5 Nb5 44. c4 Nc7+ 45. Kd6 Ne8+ 46. Ke7 Ng7 47. Nxb7 Nf5+ 48. Kd7 Nxg3 49. c5 Ne4 50. c6 Nf6+ 51. Ke7 Kg7 52. Nc5 g5 53. Nxa6 h5 54. Nb4 Ng8+ 55. Kd8 Kf8 1-0